书目信息 |
| 题名: |
携手未来
|
|
| 作者: | 刘畅 , 朱丽芳 主编 | |
| 分册: | ||
| 出版信息: | 北京 语文出版社 2021.1 |
|
| 页数: | 323页 | |
| 开本: | 26cm | |
| 丛书名: | ||
| 单 册: | ||
| 中图分类: | G616 | |
| 科图分类: | ||
| 主题词: | 幼儿园--家长工作(教育)--文集 | |
| 电子资源: | ||
| ISBN: | 978-7-5187-1207-6 | |
| 000 | 01032nam0 2200277 45 | |
| 001 | 012001000937 | |
| 005 | 20140820105827.0 | |
| 010 | @a978-7-5187-1207-6@dCNY42.00 | |
| 100 | @a20210427d2021 em y0chiy0110 ea | |
| 101 | 0 | @achi |
| 102 | @aCN@b110000 | |
| 105 | @aa z 000yy | |
| 106 | @ar | |
| 200 | 1 | @a携手未来@Axie shou wei lai@e家园共育实践论文集@f刘畅, 朱丽芳主编 |
| 210 | @a北京@c语文出版社@d2021.1 | |
| 215 | @a323页@c图@d26cm | |
| 300 | @a北京市教委学前处委托项目、北京教育学院调研课题成果 北京市学前儿童保教工作者协会“家园共育”项目研究成果 | |
| 300 | @a其他题名:家园共育实践论文集 | |
| 330 | @a本选题分三篇,幼儿园家长工作的顶层设计、新时代家园共育模式、家园共育与儿童发展。内容包括:完善家长校教育机制,提升家园共育效能研究;五健幼儿园共育教养模式的实践研究等。 | |
| 517 | 1 | @a家园共育实践论文集 |
| 606 | 0 | @a幼儿园@x家长工作(教育)@j文集 |
| 690 | @aG616@v5 | |
| 701 | 0 | @a刘畅@ALIU CHANG@4主编 |
| 701 | 0 | @a朱丽芳@Azhu li fang@4主编 |
| 801 | @aCN@bAHXH@c20210922 | |
| 905 | @b1247539-42@dG616@e1771@f4 | |
| 携手未来:家园共育实践论文集/刘畅, 朱丽芳主编.-北京:语文出版社,2021.1 |
| 323页:图;26cm |
| 北京市教委学前处委托项目、北京教育学院调研课题成果 北京市学前儿童保教工作者协会“家园共育”项目研究成果.-其他题名:家园共育实践论文集 |
| ISBN 978-7-5187-1207-6:CNY42.00 |
| 本选题分三篇,幼儿园家长工作的顶层设计、新时代家园共育模式、家园共育与儿童发展。内容包括:完善家长校教育机制,提升家园共育效能研究;五健幼儿园共育教养模式的实践研究等。 |
| ● |
| 相关链接 |
|
|
|
|
正题名:携手未来
索取号:G616/1771
 
预约/预借
| 序号 | 登录号 | 条形码 | 馆藏地/架位号 | 状态 | 备注 |
| 1 | 1247539 | 212475392 | 第一样本阅览室/ [索取号:G616/1771] | 在馆 | |
| 2 | 1247540 | 212475409 | 第四借阅区/ [索取号:G616/1771] | 在馆 | |
| 3 | 1247541 | 212475418 | 第四借阅区/ [索取号:G616/1771] | 在馆 | |
| 4 | 1247542 | 212475427 | 第四借阅区/ [索取号:G616/1771] | 在馆 |